George Bernard Shaw's historical plays. (Record no. 112899)

MARC details
000 -LEADER
fixed length control field 00476nam a2200193Ia 4500
003 - CONTROL NUMBER IDENTIFIER
control field OSt
005 - DATE AND TIME OF LATEST TRANSACTION
control field 20241010105810.0
008 - FIXED-LENGTH DATA ELEMENTS--GENERAL INFORMATION
fixed length control field 210210b1976 xxu||||| |||| 00| 0 eng d
020 ## - INTERNATIONAL STANDARD BOOK NUMBER
International Standard Book Number 33390 130 4
040 ## - CATALOGING SOURCE
Transcribing agency al
082 ## - DEWEY DECIMAL CLASSIFICATION NUMBER
Classification number 822.912 ROYG
100 ## - MAIN ENTRY--PERSONAL NAME
Personal name ROY (R N).
9 (RLIN) 182053
245 ## - TITLE STATEMENT
Title George Bernard Shaw's historical plays.
260 ## - PUBLICATION, DISTRIBUTION, ETC.
Place of publication, distribution, etc. Delhi.
Name of publisher, distributor, etc. Macmillan India Ltd.
Date of publication, distribution, etc. 1976
300 ## - PHYSICAL DESCRIPTION
Extent 107
690 ## - LOCAL SUBJECT ADDED ENTRY--TOPICAL TERM (OCLC, RLIN)
Topical term or geographic name as entry element English Dram
9 (RLIN) 182054
906 ## - LOCAL DATA ELEMENT F, LDF (RLIN)
a SG0185
942 ## - ADDED ENTRY ELEMENTS (KOHA)
Source of classification or shelving scheme Dewey Decimal Classification
Koha item type Special Grants
Holdings
Withdrawn status Lost status Source of classification or shelving scheme Damaged status Not for loan Collection code Home library Current library Shelving location Date acquired Cost, normal purchase price Total Checkouts Full call number Barcode Date last seen Price effective from Koha item type
    Dewey Decimal Classification     English St Aloysius Library St Aloysius Library Secondary stack section 02/17/2021 0.00   822.912 ROYG SG01853 02/17/2021 02/17/2021 Special Grants